000
00308nam a22001337a 4500
008
170621b xxu||||| |||| 00| 0 eng d
020
_a
9780739469736
041
_a
eng
080
_a
94(7/8)
100
_a
18
101
_a
SHP
245
_a
THE RESEARCH AMERICAN DEMOCRACY
_c
WILENTZ.S
942
_2
udc
_c
BK
999
_c
18384
_d
18384